Investigación cualitativa y poder /

Uloženo v:
Podrobná bibliografie
Hlavní autor: Pardo Angulo, Marta Eugenia
Médium: Text
Tagy: Přidat tag
Žádné tagy, Buďte první, kdo vytvoří štítek k tomuto záznamu!

MARC

LEADER 00000 a a2200000 04500
001 4320
003
040
100 |a Pardo Angulo, Marta Eugenia  
245 |a Investigación cualitativa y poder /  |c Marta Eugenia Pardo Angulo 
773 |g número 14; páginas 15-27  
999 |c 25491  |d 25491